[Event "FRA-chT U18"]
[Site "France"]
[Date "1996.??.??"]
[Round "?"]
[White "David, Vincent"]
[Black "Pitti, Alexandre"]
[Result "1-0"]
[WhiteElo "2285"]
[BlackElo "1890"]
[PlyCount "81"]
[EventDate "1996.??.??"]
[EventType "team-tourn"]
[EventRounds "11"]
[EventCountry "FRA"]
[SourceTitle "EXT 2004"]
[Source "ChessBase"]
[SourceDate "2003.11.25"]
[SourceVersion "1"]
[SourceVersionDate "2003.11.25"]
[SourceQuality "1"]

1. d4 Nf6 2. c4 c5 3. Nf3 cxd4 4. Nxd4 g6 5. g3 Bg7 6. Bg2 0-0 7. Nc3 d6 8. 0-0 Qc7 9. b3 Bd7 10. Bb2 Nc6 11. e3 a6 12. Rc1 e6 13. Qe2 Ne7 14. Rfd1 Rfd8 15. h3 Rac8 16. Kh2 Bc6 17. e4 Qb6 18. f4 Kf8 19. Qf2 Qc7 20. Rd2 b6 21. Rf1 d5 22. cxd5 exd5 23. e5 Ne8 24. Nxc6 Qxc6 25. Ne2 Nc7 26. Nd4 Qd7 27. Rfd1 Kg8 28. h4 b5 29. h5 Nc6 30. hxg6 hxg6 31. Nxc6 Qxc6 32. Rc2 Qb7 33. Bh3 Ne6 34. Rcd2 Rc7 35. Qg2 Rcd7 36. Ba3 b4 37. Bb2 Qb5 38. Bg4 Qc5 39. Qe2 a5 40. Qd3 Qb6 41. Kg2 1-0

[Event "FRA-chT U18"]
[Site "France"]
[Date "1996.??.??"]
[Round "?"]
[White "Defrance, Laurent"]
[Black "Pitti, Alexandre"]
[Result "1/2-1/2"]
[WhiteElo "1820"]
[BlackElo "1890"]
[PlyCount "85"]
[EventDate "1996.??.??"]
[EventType "team-tourn"]
[EventRounds "11"]
[EventCountry "FRA"]
[SourceTitle "EXT 2004"]
[Source "ChessBase"]
[SourceDate "2003.11.25"]
[SourceVersion "1"]
[SourceVersionDate "2003.11.25"]
[SourceQuality "1"]

1. d4 Nf6 2. c4 c5 3. Nf3 g6 4. Nc3 Bg7 5. g3 0-0 6. Bg2 cxd4 7. Nxd4 Nc6 8. 0-0 Qb6 9. e3 d6 10. Qb3 Qc7 11. Ncb5 Qd8 12. Nxc6 bxc6 13. Nd4 Bd7 14. Nxc6 Bxc6 15. Bxc6 Rc8 16. Bf3 Qc7 17. Be2 Nd7 18. Qc2 d5 19. Bd2 Nb6 20. Bc3 Bxc3 21. Qxc3 Nxc4 22. Rac1 Qb6 23. b3 Nd6 24. Qd2 e6 25. Bd3 a5 26. Rxc8 Rxc8 27. Rc1 Rc5 28. Rxc5 Qxc5 29. Qc2 Qxc2 30. Bxc2 Kf8 31. Kf1 Ke7 32. Ke2 Nb5 33. Kd3 e5 34. Bd1 Kd6 35. Be2 Kc5 36. Kc2 Nd6 37. Bd3 f5 38. a3 g5 39. h3 h6 40. Kd2 Ne4+ 41. Bxe4 fxe4 42. g4 d4 43. Ke2 1/2-1/2